000 00300nam a22001097a 4500
999 _c13629
_d13629
082 _a808.84621
100 _aکیپٹن نذیرالدین خان
245 _aپہلا پتھر
260 _aکراچی
_bنیا ہورائزن پبلیکیشنز
_c٢٠٠٨
300 _a٣٨٢ صفحات
942 _cBK